Salman Rushdie (Record no. 1434916)

MARC details
000 -LEADER
fixed length control field 00671nam a22002177a 4500
005 - DATE AND TIME OF LATEST TRANSACTION
control field 20250827151615.0
008 - FIXED-LENGTH DATA ELEMENTS--GENERAL INFORMATION
fixed length control field 250827b |||||||| |||| 00| 0 eng d
037 ## - SOURCE OF ACQUISITION
Terms of availability TB
040 ## - CATALOGING SOURCE
Original cataloging agency AL
Transcribing agency AL
041 ## - LANGUAGE CODE
Source of code Eng
Language code of text/sound track or separate title English
084 ## - COLON CLASSIFICATION NUMBER
Classification number O111944,3N47:g N8
Assigning agency AL
100 ## - MAIN ENTRY--PERSONAL NAME
Personal name Goonetilleke , D.C.R.A.
9 (RLIN) 819064
245 ## - TITLE STATEMENT
Title Salman Rushdie
260 ## - PUBLICATION, DISTRIBUTION, ETC.
Place of publication, distribution, etc. UK, London
Name of publisher, distributor, etc. Macmillan press ltd.
Date of publication, distribution, etc. 1998
300 ## - PHYSICAL DESCRIPTION
Extent x, 168 p-
365 ## - TRADE PRICE
Price amount 14.50
Currency code USP
650 ## - SUBJECT ADDED ENTRY--TOPICAL TERM
Source of heading or term ENGLISH LITERATURE
700 ## - ADDED ENTRY--PERSONAL NAME
Personal name Goonetilleke , D.C.R.A.
Relator term Author.
9 (RLIN) 819064
942 ## - ADDED ENTRY ELEMENTS (KOHA)
Source of classification or shelving scheme Colon Classification (CC)
Koha item type Textbook
Classification part O111944,3N47:g N8
Suppress in OPAC No
Holdings
Withdrawn status Lost status Source of classification or shelving scheme Damaged status Not for loan Home library Current library Date acquired Source of acquisition Cost, normal purchase price Inventory number Total Checkouts Full call number Barcode Date last seen Price effective from Koha item type
    Colon Classification (CC)     Arts Library Arts Library 2025-08-27 Eastern Book Linkers 14.50 BSB322   O111944,3N47:g N8 AL1269734 2025-08-27 2025-08-27 Textbook
Copyright @ Delhi University Library System